LEADER 01654nam 2200349Ia 450 001 996392709203316 005 20210104164306.0 035 $a(CKB)3360000000358752 035 $a(EEBO)2240870804 035 $a(OCoLC)ocn226318273e 035 $a(OCoLC)226318273 035 $a(EXLCZ)993360000000358752 100 $a20080428e16841645 uy 0 101 0 $alat 135 $aurbn||||a|bb| 200 10$aDisputatio medica inaugurales de morbo puerili Anglorum quem patrio idio?mate indiginae vocant the rickets$b[electronic resource] $equam Deo suppetias ferente, ex authoritate Johannis Polyandri a? Kerchoven ... decreto illustrissima facultatis medicae, & amplissimi senatu?s academici consensu, pro gradu doctoratu?s, summisque in medicina? privilegiis consequendis, discutiendam proponit Daniel Whistler, Anglo-Saxonicus-Orientalis. Ad diem 18. Octob. horis & loco consuetis 210 $aLondini, $cEx typis Thomae Flesher$d1684 215 $a[16] p 300 $aReprint. Originally published: Lugduni Batavorum : Ex OfficinaÌ‚ Wilhemi Christiani Boxii, 1645. 300 $aImperfect: stained with some loss of text. 300 $aReproduction of original in the British Library. 330 $aeebo-0018 606 $aRickets$vEarly works to 1800 615 0$aRickets 700 $aWhistler$b Daniel$f1619-1684.$01005080 701 $aPolyander a? Kerckhoven$b Johannes$f1568-1646.$0955943 801 0$bUMI 801 1$bUMI 906 $aBOOK 912 $a996392709203316 996 $aDisputatio medica inaugurales de morbo puerili Anglorum quem patrio idio?mate indiginae vocant the rickets$92309935 997 $aUNISA LEADER 01123nam0 22002771i 450 001 UON00075526 005 20231205102408.752 100 $a20020107d1865 |0itac50 ba 101 $afre 102 $aFR 105 $a|||| ||||| 200 1 $aˆLa ‰Régence de Tunis au dix-neuvième siècle$fpar A. De Flaux 210 $aParis$cChallamel ; Alger$cBastide$d1865 215 $a410 p.$d21 cm 316 $adata inesatta$5IT-UONSI B Afr3/0084 606 $aTunisia$xDescrizioni e viaggi$3UONC018769$2FI 620 $aFR$dParis$3UONL002984 676 $a916.1104$cDESCRIZIONI E VIAGGI DELLA TUNISIA$v21 700 1$aFLAUX$bA. : de$3UONV049527$0659802 712 $aChallamel Aîné$3UONV260616$4650 801 $aIT$bSOL$c20260410$gRICA 899 $aSIBA - SISTEMA BIBLIOTECARIO DI ATENEO E ARCHIVIO STORICO$2UONSI 912 $aUON00075526 950 $aSIBA - SISTEMA BIBLIOTECARIO DI ATENEO E ARCHIVIO STORICO$dSI 3 0084 $eSI MR 2424 7 0084 data inesatta 996 $aRégence de Tunis au dix-neuvième siècle$91163292 997 $aUNIOR